000 01373nam a2200241Ia 4500
999 _c52208
_d52208
001 19216
003 GE_BSU
005 20210527120217.0
008 181216s2008||||ge |||||||||||||| ||geo||
040 _cGE_BSU
041 _ageo
080 _a93 ს-963
100 _aსურმანიძე, ნ.
_910411
245 _aჩაქვისწყლის ხეობა :
_b(ისტორიულ - არქეოლოგიური გამოკვლევა) /
_cნ. სურმანიძე; სამეცნიერო ხელმძღვანელი. ა. კახიძე; ბათუმის შოთა რუსთაველის სახელმწიფო უნივერსიტეტი.
264 _aბათუმი,
_c2008.
300 _a256 გვ.;
_bილ.,
_c30 სმ.
653 _aდისერტაცია
653 _aისტორია
653 _aჩაქვისწყლის ხეობა (ისტორიულ - არქეოლოგიური გამოკვლევა)
700 _aკახიძე, ა.
_eსამეცნიერო ხელმძღვანელი
_910412
710 _aბათუმის შოთა რუსთაველის სახელმწიფო უნივერსიტეტი
_910413
942 _cBK
_2udc